000 00406pab a2200169 454500
008 180718b2008 xxu||||| |||| 00| 0 eng d
100 _aSharma, Gagnesh
245 _aContemporary issues in sustainable food security management
260 _c2008
300 _ap.14-16.
362 _aJun
650 _aFood supply
700 _aSharma, Mona
773 _aKurukshetra
908 _aN
909 _a78347
999 _c78347
_d78347